| 000 | 00546nam a2200169 i 4500 | ||
|---|---|---|---|
| 001 | 74058 | ||
| 003 | ES-MaACL | ||
| 005 | 20250924063026.0 | ||
| 007 | t| | ||
| 008 | 040915s1968 sp ||||1| spa d | ||
| 100 | 1 |
_aGonzález Casanova, J. A., _d1935- _9144814 |
|
| 245 | 1 | 0 |
_aComunicación humana y comunidad política _b: una aproximación al derecho político / _cJosé A. González Casanova. |
| 260 |
_aMadrid : _bTecnos, _c[1968] |
||
| 300 |
_a276 p. ; _c22 cm. |
||
| 852 |
_aES-MaACL _jC-35222 _bR.67702 |
||
| 999 |
_c74058 _d74058 |
||